al-Qalāʼid (Record no. 46053)

MARC details
000 -LEADER
fixed length control field 00573cam a22002051 4500
001 - CONTROL NUMBER
control field ne 63001333
003 - CONTROL NUMBER IDENTIFIER
control field DLC
005 - DATE AND TIME OF LATEST TRANSACTION
control field 20260227111747.0
008 - FIXED-LENGTH DATA ELEMENTS--GENERAL INFORMATION
fixed length control field 880708s1960 ua a 000 0 arar
010 ## - LIBRARY OF CONGRESS CONTROL NUMBER
LC control number ne 63001333
035 ## - SYSTEM CONTROL NUMBER
System control number (OCoLC)18187056
040 ## - CATALOGING SOURCE
Original cataloging agency DLC
Transcribing agency WaU
Modifying agency DLC
042 ## - AUTHENTICATION CODE
Authentication code premarc
050 00 - LIBRARY OF CONGRESS CALL NUMBER
Classification number PJ7862.U55
Item number Q3
100 1# - MAIN ENTRY--PERSONAL NAME
Personal name Sunūsī, Muḥammad ʻAlī.
245 13 - TITLE STATEMENT
Title al-Qalāʼid
Statement of responsibility, etc. [taʼlīf] Muḥammad ʻAlī al-Sunūsī.
260 ## - PUBLICATION, DISTRIBUTION, ETC.
Place of publication, distribution, etc. [al-Qāhirah,
Name of publisher, distributor, etc. Maṭābiʻ Dār al-Kitāb al-ʻArabī,
Date of publication, distribution, etc. 1960]
300 ## - PHYSICAL DESCRIPTION
Extent 220 p.
Other physical details illus.
500 ## - GENERAL NOTE
General note Poems.

No items available.

Powered by Koha